Statistiques concernant La composition du gouvernement français

Cliquez ici pour prendre le quiz!

Statistiques générales

  • Ce quiz a été pris 112 fois
  • Le résultat moyen est 11 sur 18

Statistiques - réponses

FonctionNom% Correct
Président de la RépubliqueEmmanuel Macron
100%
Premier MinistreJean Castex
93%
Ministre de l'IntérieurGérald Darmanin
79%
Ministre de l'Économie, des Finances et de la RelanceBruno Le Maire
77%
Ministre de la CultureRoselyne Bachelot
77%
Ministre de la JusticeEric Dupond-Moretti
73%
Ministre de l'Éducation nationale, de la Jeunesse et des SportsJean-Michel Blanquer
71%
Ministre de l'Europe et des Affaires étrangèresJean-Yves Le Drian
65%
Ministre des Solidarités et de la SantéOlivier Véran
65%
Ministre des ArméesFlorence Parly
63%
Ministre de la Transition écologiqueBarbara Pompili
55%
Ministre du Travail, de l'Emploi et de l'InsertionElisabeth Borne
51%
Ministre de l’Enseignement supérieur, de la Recherche et de l’InnovationFrédérique Vidal
43%
Ministre de l’Agriculture et de l’AlimentationJulien Denormandie
34%
Ministre de la Cohésion des territoires et des Relations avec les collectivités territorialesJacqueline Gourault
30%
Ministre de la merAnnick Girardin
30%
Ministre des Outre-merSébastien Lecornu
25%
Ministre de la Transformation et de la Fonction publiquesAmélie de Montchalin
22%

Distribution des résultats

Percentile par nombre de réponses

% des personnes avec chaque résultat

Votre développement - résultats

Vous n’avez pas pris ce quiz